=LDR 00000nam 2200000 4500 =001 INLIS000000000050696 =990 ##$$a 31701251 =005 20170515112010 =990 ##$$a 31701252 =035 ##$$a 0010-0517000349 =007 ta =008 170515###########################0###### =020 ##$$a 978 - 602 - 9251 - 07 - 4 =082 ##$$a 823 =084 ##$$a 823 POO p =100 #$$a Poole, Sara =245 1#$$a Poison : $b A novel of the renaissance /$c Sara poole =250 ##$$a Cet.1 =260 ##$$a Solo :$b Tiga Serangkai,$c 2011 =300 ##$$a viii, 568 hlm ; $c 20 cm =650 ##$$a Novel =990 ##$$a 84168416 =990 ##$$a 84168416 =990 ##$$a 31701251 =990 ##$$a 02201708416 =990 ##$$a 31701251 =990 ##$$a 02201708416 =990 ##$$a 31701252 =990 ##$$a 31701251